La Sombra Inquieta /

Guardat en:
Dades bibliogràfiques
Autor principal: Alone, A., seud
Format: Desconegut
Idioma:Spanish
Publicat: Chile : Nascimiento, 1949.
Edició:3 edición
Matèries:
Etiquetes: Afegir etiqueta
Sense etiquetes, Sigues el primer a etiquetar aquest registre!

MARC

LEADER 000000000a22000000004500
001 003025
041 0 |a spa 
082 0 4 |a CH863.4   |b A426s3 
100 1 |a Alone, A.,   |c seud. 
245 1 3 |a La Sombra Inquieta /   |c A. Alone. 
250 |a 3 edición 
260 1 |a Chile :   |b Nascimiento,   |c 1949. 
300 |a 218 páginas 
650 4 |a LITERATURA CHILENA 
650 4 |a NOVELA 
999 |c 9341  |d 9341 
942 |c BK  |h CH863.4 A426s3  |2 z